[Event "Hampshire Major"]
[Site "Fareham"]
[Date "2019.11.03"]
[Round "6.106"]
[White "Moore, Gillian A"]
[Black "Pinto, Phil B"]
[Result "1/2-1/2"]
[WhiteElo "1752"]
[BlackElo "1696"]
[PlyCount "130"]
[EventDate "2019.11.01"]
[EventType "swiss"]
[EventRounds "6"]
[EventCountry "ENG"]
[SourceVersionDate "2019.12.01"]

1. d4 d6 2. Nc3 e5 3. d5 Nf6 4. e4 c6 5. Bd3 Be7 6. Nge2 Bg4 7. h3 Bxe2 8. Bxe2 Nbd7 9. Be3 Qa5 10. O-O Nc5 11. Bf3 Na4 12. Nxa4 Qxa4 13. b3 Qa5 14. c4 c5 15. Qd3 Qd8 16. g4 Nd7 17. Qd2 h6 18. b4 Bg5 19. Rab1 Bxe3 20. Qxe3 Qg5 21. Rfe1 Qxe3 22. Rxe3 cxb4 23. Rxb4 Nc5 24. Bd1 g5 25. Kg2 Ke7 26. Re1 Rac8 27. Bc2 Rc7 28. Reb1 Rhc8 29. Kf3 Rh8 30. Rh1 Rh7 31. h4 f6 32. Ke3 Kd8 33. Rbb1 Rh8 34. Rh3 Rch7 35. Rbh1 Ke7 36. Bd1 Ke8 37. Rf3 Rf7 38. Rf5 gxh4 39. Rxh4 Ke7 40. Rfh5 Rfh7 41. Be2 a5 42. Bd1 Kf7 43. Bc2 Ke7 44. f4 Kf7 45. fxe5 fxe5 46. Rf5+ Kg6 47. Rh1 Rf7 48. Bd1 Rxf5 49. gxf5+ Kh7 50. Bh5 Rf8 51. Bg6+ Kg7 52. Rg1 Kh8 53. Rb1 Rf6 54. Rb5 a4 55. Ra5 Rf8 56. Rb5 Kg7 57. Rb6 Rd8 58. Rb1 Rf8 59. Re1 Rd8 60. Kd2 Kf6 61. Ke3 Kg7 62. Rh1 Rf8 63. Rh4 Rf6 64. Bh5 Rf8 65. Rg4+ Kh7 1/2-1/2

[Event "Hampshire Major"]
[Site "Fareham"]
[Date "2019.11.03"]
[Round "6.107"]
[White "Smith, David W"]
[Black "Belinger, John"]
[Result "1/2-1/2"]
[WhiteElo "1704"]
[BlackElo "1672"]
[PlyCount "74"]
[EventDate "2019.11.01"]
[EventType "swiss"]
[EventRounds "6"]
[EventCountry "ENG"]
[SourceVersionDate "2019.12.01"]

1. e4 c5 2. Nc3 Nc6 3. f4 g6 4. Nf3 Bg7 5. Bb5 Nd4 6. O-O Nxb5 7. Nxb5 a6 8. Nc3 b5 9. d3 Bb7 10. Qe1 Nf6 11. f5 Qc7 12. e5 Nd5 13. Nxd5 Bxd5 14. f6 Bf8 15. c4 Be6 16. Ng5 exf6 17. exf6 Bd6 18. h3 O-O-O 19. cxb5 axb5 20. Qe4 Qb7 21. Qxb7+ Kxb7 22. Ne4 Bf8 23. Be3 d6 24. a3 Bf5 25. Bf4 h6 26. b4 Bxe4 27. dxe4 d5 28. exd5 Rxd5 29. Rad1 Kc6 30. Rxd5 Kxd5 31. Bd2 cxb4 32. axb4 h5 33. Rf3 Bd6 34. Rd3+ Kc6 35. Rc3+ Kd5 36. Rd3+ Kc6 37. Rc3+ Kd5 1/2-1/2

[Event "Hampshire Major"]
[Site "Fareham"]
[Date "2019.11.03"]
[Round "6.108"]
[White "Shek, Daniel"]
[Black "Sellen, John R"]
[Result "1/2-1/2"]
[WhiteElo "1576"]
[BlackElo "1616"]
[PlyCount "41"]
[EventDate "2019.11.01"]
[EventType "swiss"]
[EventRounds "6"]
[EventCountry "ENG"]
[SourceVersionDate "2019.12.01"]

1. d4 f5 2. c4 Nf6 3. Nc3 e6 4. Nf3 d5 5. Bf4 Bd6 6. Bg3 c6 7. e3 Qe7 8. Be2 O-O 9. c5 Bxg3 10. hxg3 Nbd7 11. b4 e5 12. a4 Ne4 13. Qc2 a6 14. dxe5 Nxe5 15. Nxe4 fxe4 16. Nxe5 Qxe5 17. Rd1 Qf6 18. f3 Qg5 19. Kf2 Bf5 20. f4 Qe7 21. Qb3 1/2-1/2

[Event "Hampshire Major"]
[Site "Fareham"]
[Date "2019.11.03"]
[Round "6.109"]
[White "Deacon, Matthew"]
[Black "Crosswell, Neil"]
[Result "0-1"]
[WhiteElo "1488"]
[BlackElo "1552"]
[PlyCount "52"]
[EventDate "2019.11.01"]
[EventType "swiss"]
[EventRounds "6"]
[EventCountry "ENG"]
[SourceVersionDate "2019.12.01"]

1. d4 Nf6 2. c4 g6 3. Nc3 Bg7 4. e4 d6 5. f4 O-O 6. Nf3 Nbd7 7. Be3 c5 8. d5 a6 9. a4 Qc7 10. Bd3 Ng4 11. Bd2 e5 12. fxe5 Ngxe5 13. Nxe5 Nxe5 14. Be2 f5 15. O-O Bd7 16. Qc1 fxe4 17. Nxe4 Rxf1+ 18. Bxf1 Bf5 19. Nc3 Rf8 20. b3 Nd3 21. Bxd3 Bxd3 22. Qb2 Qf7 23. h3 Qf2+ 24. Kh1 Bf1 25. Bc1 Bxg2+ 26. Kh2 Be5+ 0-1

[Event "Hampshire Major"]
[Site "Fareham"]
[Date "2019.11.03"]
[Round "6.110"]
[White "Smith, Chris"]
[Black "Stout, Nicholas"]
[Result "0-1"]
[WhiteElo "1608"]
[BlackElo "1688"]
[PlyCount "76"]
[EventDate "2019.11.01"]
[EventType "swiss"]
[EventRounds "6"]
[EventCountry "ENG"]
[SourceVersionDate "2019.12.01"]

1. c4 e6 2. Nc3 d5 3. cxd5 exd5 4. e3 Nf6 5. g3 Be7 6. Nge2 O-O 7. Bg2 Bf5 8. d3 c5 9. Nf4 d4 10. Bxb7 Na6 11. Bxa6 dxc3 12. bxc3 Qa5 13. Bb7 Rab8 14. Bg2 Qxc3+ 15. Bd2 Qa3 16. O-O Bxd3 17. Bc1 Qc3 18. Bb2 Rxb2 19. Qxd3 Qxd3 20. Nxd3 Rd2 21. Ne5 Bd8 22. Rfd1 Rxd1+ 23. Rxd1 Bb6 24. Nc4 Rd8 25. Rxd8+ Bxd8 26. Kf1 Kf8 27. h3 Ke7 28. Ke2 Nd7 29. Kd3 Nb6 30. Ne5 Ke6 31. Nc6 c4+ 32. Kc2 Bf6 33. Nxa7 c3 34. Nb5 Na4 35. Bc6 Ke7 36. Nd4 Nb2 37. Ba4 Nxa4 38. Kb3 Bxd4 0-1